OBECNÝ NÁHRADNÍ OBVOD TRANZISTORŮ ŘÍZENÝCH POLEM S IZOLOVANOU ŘÍDÍCÍ ELEKTRODOU

Bibliographic Details
Main Author: Lukeš, Zdeněk (Author)
Format: Article
Language:Czech

MARC

LEADER 00000nab a2200000uu 4500
001 vtls011481465
003 SK-MaSNL
005 20260303132507.0
008 230218|1969 xo |||||||||||||||||cze|
015 |a SNBRB 
035 |a (urnnbn)urn:nbn:sk:snk:ar-006sqt 
035 |a (uuid)773f4a90-3e3f-4ad4-91fe-540b617fbf5d 
035 |a urn:nbn:sk:snk-abd8rv 
040 |a SNKBUCL  |b slo  |c SNKBUCL  |e AACR2 
041 0 |a cze 
044 |a xo  |c SK 
100 1 |a Lukeš, Zdeněk  |4 aut  |9 762042 
245 1 0 |a OBECNÝ NÁHRADNÍ OBVOD TRANZISTORŮ ŘÍZENÝCH POLEM S IZOLOVANOU ŘÍDÍCÍ ELEKTRODOU  |c Zdeněk Lukeš 
773 0 |t Elektrotechnický časopis : časopis Elektrotechnického ústavu CEFV SAV Bratislava  |g Roč. 20, č. 6 (1969), s. 413-429 
954 |a odborná, vedecká literatúra cudzojazyčná (svetová)  |2 lita 
958 |a OND 
958 |a EUIPO 
958 |a article18 
999 |c 1951521  |d 1953451